Ekonomie v jedné lekci
Salvato in:
| Autore principale: | |
|---|---|
| Natura: | Libro |
| Lingua: | ceco |
| Pubblicazione: |
Praha
Megaprint
1999
|
| Soggetti: | |
| Tags: |
Nessun Tag, puoi essere il primo ad aggiungerne!!
|
MARC
| LEADER | 00000nam a2200000 4500 | ||
|---|---|---|---|
| 001 | c113557 | ||
| 005 | 20221102135141.0 | ||
| 020 | |a 80-902701-2-3 | ||
| 041 | 0 | |a cze | |
| 044 | |a CZ | ||
| 245 | 1 | 0 | |a Ekonomie v jedné lekci |c Henry Hazlitt |
| 264 | 1 | |a Praha |b Megaprint |c 1999 | |
| 300 | |a 208 s. | ||
| 610 | 2 | 0 | |a ekonómia |
| 610 | 2 | 0 | |a výdavky verejné |
| 610 | 2 | 0 | |a dane |
| 610 | 2 | 0 | |a úver štátny |
| 610 | 2 | 0 | |a zamestnanosť |
| 610 | 2 | 0 | |a clá |
| 610 | 2 | 0 | |a ceny |
| 610 | 2 | 0 | |a regulácia cenová |
| 610 | 2 | 0 | |a regulácia štátna |
| 610 | 2 | 0 | |a mzdy |
| 610 | 2 | 0 | |a nájomné |
| 610 | 2 | 0 | |a zisk |
| 610 | 2 | 0 | |a inflácia |
| 610 | 2 | 0 | |a zásoba peňažná |
| 610 | 2 | 0 | |a vývoj hospodársky |
| 100 | 1 | |a Hazlitt, Henry | |